[Event "Tashkent UzChess Masters 2nd"]
[Site "Tashkent"]
[Date "2025.06.19"]
[Round "1"]
[White "Yakubboev, Nodirbek"]
[Black "Erigaisi, Arjun Kumar"]
[Result "0-1"]
[WhiteElo "2659"]
[BlackElo "2782"]
[PlyCount "52"]
[EventDate "2025.06.18"]
[EventType "tourn"]
[EventRounds "9"]
[EventCountry "UZB"]
[EventCategory "19"]
[SourceTitle "CB27_2025"]
[SourceDate "2025.07.02"]
[SourceVersion "1"]
[SourceVersionDate "2025.07.02"]
[SourceQuality "1"]

1. d4 d6 2. e4 Nf6 3. Bd3 e5 4. c3 Nbd7 5. Nf3 d5 6. dxe5 dxe4 7. exf6 exf3 8. fxg7 Bxg7 9. Qxf3 Ne5 10. Bb5+ Bd7 11. Qxb7 0-0 12. Bxd7 Nd3+ 13. Kf1 Qxd7 14. Na3 Rfe8 15. Be3 Rab8 16. Qf3 Rxb2 17. Nc4 Rc2 18. Rd1 Qa4 19. Nd2 Rxa2 20. h3 Ra1 21. Ke2 Nf4+ 22. Qxf4 Qxf4 23. Rxa1 Bxc3 24. Rxa7 Qg5 25. Nc4 Qb5 26. Kd3 Qb3 0-1

[Event "WchT Blitz Final"]
[Site "London"]
[Date "2025.06.15"]
[Round "3.2"]
[White "Yakubboev, Nodirbek"]
[Black "Esipenko, Andrey"]
[Result "1/2-1/2"]
[WhiteElo "2659"]
[BlackElo "2689"]
[PlyCount "39"]
[EventDate "2025.06.15"]
[EventType "team-k.o. (blitz)"]
[EventRounds "4"]
[EventCountry "ENG"]
[SourceTitle "CB25_2025"]
[SourceDate "2025.06.18"]
[SourceVersion "1"]
[SourceVersionDate "2025.06.18"]
[SourceQuality "1"]
[WhiteTeam "Uzbekistan"]
[BlackTeam "KazChess"]
[WhiteTeamCountry "UZB"]
[BlackTeamCountry "KAZ"]

1. d4 d5 2. Nf3 Nf6 3. a3 e6 4. Bf4 c5 5. e3 Nc6 6. h3 Be7 7. dxc5 Bxc5 8. Nbd2 0-0 9. b4 Bd6 10. Bxd6 Qxd6 11. c4 b6 12. cxd5 Nxd5 13. Rc1 Bb7 14. Nc4 Qe7 15. Be2 Rfd8 16. Qb3 b5 17. Ncd2 a5 18. Bxb5 Na7 19. Bc4 axb4 20. axb4 1/2-1/2

[Event "WchT Blitz Pool C"]
[Site "London"]
[Date "2025.06.14"]
[Round "13.3"]
[White "Munguntuul, Batkhuyag"]
[Black "Yakubboev, Nodirbek"]
[Result "0-1"]
[WhiteElo "2356"]
[BlackElo "2659"]
[PlyCount "88"]
[EventDate "2025.06.14"]
[EventType "team-tourn"]
[EventRounds "13"]
[EventCountry "ENG"]
[SourceTitle "CB25_2025"]
[SourceDate "2025.06.18"]
[SourceVersion "1"]
[SourceVersionDate "2025.06.18"]
[SourceQuality "1"]
[WhiteTeam "Mongolia II"]
[BlackTeam "Uzbekistan"]
[WhiteTeamCountry "MGL"]
[BlackTeamCountry "UZB"]

1. e4 c5 2. Nf3 d6 3. d4 cxd4 4. Nxd4 Nf6 5. Nc3 a6 6. Rg1 h5 7. h3 h4 8. Be3 e6 9. Qd2 b5 10. Bd3 Bb7 11. a3 Nbd7 12. 0-0-0 Be7 13. f4 Nc5 14. e5 dxe5 15. fxe5 Nfd7 16. Bf4 Qc7 17. Kb1 0-0-0 18. Qe3 Nxd3 19. Rxd3 Nb6 20. Ndxb5 axb5 21. Nxb5 Nc4 22. Qe2 Qc5 23. Rc3 Qxg1+ 24. Ka2 Kd7 25. Qxc4 Bd5 26. Rd3 Ke8 27. Nc7+ Kf8 28. Nxd5 exd5 29. Rxd5 Qb6 30. Rxd8+ Bxd8 31. Bd2 Qe6 32. Bb4+ Ke8 33. Kb3 Kd7 34. a4 Rh5 35. Bd6 Qxc4+ 36. Kxc4 Bc7 37. Bxc7 Kxc7 38. Kd4 Rg5 39. b4 Rxg2 40. c4 Rg3 41. Kc5 Rxh3 42. b5 Rb3 43. a5 h3 44. b6+ Kb7 0-1

[Event "WchT Blitz Pool C"]
[Site "London"]
[Date "2025.06.14"]
[Round "9.3"]
[White "Solak, Dragan"]
[Black "Yakubboev, Nodirbek"]
[Result "1/2-1/2"]
[WhiteElo "2591"]
[BlackElo "2659"]
[PlyCount "192"]
[EventDate "2025.06.14"]
[EventType "team-tourn"]
[EventRounds "13"]
[EventCountry "ENG"]
[SourceTitle "CB25_2025"]
[SourceDate "2025.06.18"]
[SourceVersion "1"]
[SourceVersionDate "2025.06.18"]
[SourceQuality "1"]
[WhiteTeam "Generation XYZA"]
[BlackTeam "Uzbekistan"]
[WhiteTeamCountry "TUR"]
[BlackTeamCountry "UZB"]

1. e4 e5 2. Nf3 Nc6 3. Bb5 a6 4. Bxc6 dxc6 5. Nc3 f6 6. d4 exd4 7. Qxd4 Qxd4 8. Nxd4 Bd7 9. Be3 0-0-0 10. 0-0-0 Bd6 11. Nb3 Be6 12. Nc5 Bf7 13. Nd3 b6 14. Bf4 Bf8 15. Bg3 a5 16. Nf4 Re8 17. f3 Ne7 18. a3 Ng6 19. Nxg6 hxg6 20. Rhe1 g5 21. h3 Bc5 22. Rd2 Rd8 23. Rxd8+ Rxd8 24. Nd1 Bc4 25. Bh2 g6 26. Bg1 Bd6 27. Be3 Bg3 28. Rh1 Kd7 29. Nc3 Ke6 30. Nd1 Kf7 31. Nf2 Be6 32. Nd3 c5 33. Rd1 Rh8 34. Nf2 f5 35. exf5 gxf5 36. Nd3 Kf6 37. Bd2 Rd8 38. Be1 Bxe1 39. Rxe1 c4 40. Nf2 c3 41. bxc3 Bc4 42. Nd1 Be6 43. Nf2 Bc4 44. Nd1 Be6 45. Ne3 Rd6 46. Rd1 Rc6 47. Rd3 Rc5 48. Kd2 Rb5 49. Kc1 Rc5 50. Nd1 Bc4 51. Rd2 Ba6 52. Ne3 Ke6 53. Rd1 Rxc3 54. Re1 Rc5 55. Kd2 Kf6 56. g3 Bb7 57. f4 gxf4 58. gxf4 Be4 59. c4 Rc6 60. Kc3 Kg6 61. Rg1+ Kh5 62. Nxf5 Bxf5 63. Rg5+ Kh4 64. Rxf5 Kxh3 65. Rg5 Rf6 66. Rg7 c5 67. Rg5 Rxf4 68. Rg6 Rf3+ 69. Kb2 Rf4 70. Kb3 a4+ 71. Kxa4 Rxc4+ 72. Kb3 Rd4 73. Rxb6 Kg4 74. Rf6 Kg5 75. Rf1 Kg6 76. a4 Rb4+ 77. Ka3 Rb8 78. Rf2 c4 79. Rf3 Kg5 80. a5 Kg4 81. Rc3 Kf5 82. Rxc4 Ke5 83. Ka4 Kd6 84. a6 Rb1 85. Ka5 Ra1+ 86. Kb6 Rb1+ 87. Ka5 Ra1+ 88. Kb6 Rb1+ 89. Ka7 Kd7 90. Rc2 Rb3 91. Ka8 Rb6 92. Ka7 Rb1 93. Rh2 Kc7 94. Rh7+ Kc8 95. Rb7 Rc1 96. Rb3 Kc7 1/2-1/2

[Event "WchT Blitz Pool C"]
[Site "London"]
[Date "2025.06.14"]
[Round "4.3"]
[White "Yakubboev, Nodirbek"]
[Black "Florstedt, Johannes"]
[Result "1-0"]
[WhiteElo "2659"]
[BlackElo "2391"]
[PlyCount "79"]
[EventDate "2025.06.14"]
[EventType "team-tourn"]
[EventRounds "13"]
[EventCountry "ENG"]
[SourceTitle "CB25_2025"]
[SourceDate "2025.06.18"]
[SourceVersion "1"]
[SourceVersionDate "2025.06.18"]
[SourceQuality "1"]
[WhiteTeam "Uzbekistan"]
[BlackTeam "Berlin Chess Federation"]
[WhiteTeamCountry "UZB"]
[BlackTeamCountry "GER"]

1. d4 Nf6 2. Nf3 g6 3. Nbd2 c5 4. dxc5 Qa5 5. a3 Qxc5 6. b4 Qc7 7. Bb2 Bg7 8. c4 0-0 9. e3 b6 10. Be2 Bb7 11. 0-0 d6 12. Rc1 Nbd7 13. Qb3 Rac8 14. Rfd1 Qb8 15. Nd4 Qa8 16. Bf1 h5 17. N2f3 Ne4 18. Ne2 Ndf6 19. h3 Rfd8 20. Nf4 e6 21. Qa2 h4 22. Qa1 g5 23. Nxg5 e5 24. Nxe4 Bxe4 25. Ne2 Kh7 26. Nc3 Bf5 27. Nb5 Ne4 28. Bd3 Bh6 29. Qb1 Rg8 30. Kf1 Rxg2 31. Nxd6 Rxf2+ 32. Ke1 Bxe3 33. Bxe4 Bd2+ 34. Rxd2 Bxe4 35. Nxe4 Rf4 36. Re2 Rg8 37. Ng5+ Kh6 38. Qh7+ Kxg5 39. Rxe5+ Kf6 40. Re8+ 1-0

[Event "WchT Blitz Pool C"]
[Site "London"]
[Date "2025.06.14"]
[Round "11.2"]
[White "Yakubboev, Nodirbek"]
[Black "Krivenko, Dion"]
[Result "1/2-1/2"]
[WhiteElo "2659"]
[BlackElo "2243"]
[PlyCount "93"]
[EventDate "2025.06.14"]
[EventType "team-tourn"]
[EventRounds "13"]
[EventCountry "ENG"]
[SourceTitle "CB25_2025"]
[SourceDate "2025.06.18"]
[SourceVersion "1"]
[SourceVersionDate "2025.06.18"]
[SourceQuality "1"]
[WhiteTeam "Uzbekistan"]
[BlackTeam "OlalaStars"]
[WhiteTeamCountry "UZB"]
[BlackTeamCountry "EST"]

1. e4 c5 2. Nc3 Nc6 3. g3 g6 4. Bg2 Bg7 5. d3 e6 6. Be3 Nd4 7. Qd2 d6 8. Nd1 Ne7 9. c3 Ndc6 10. Ne2 Rb8 11. d4 b6 12. Bh6 Bxh6 13. Qxh6 Ba6 14. Ne3 Kd7 15. Rd1 Kc7 16. Nf4 Qf8 17. Qxf8 Rhxf8 18. d5 e5 19. dxc6 exf4 20. gxf4 f6 21. h4 Rbe8 22. h5 g5 23. fxg5 fxg5 24. h6 Nxc6 25. Rh5 Ne5 26. c4 Rg8 27. b3 Bb7 28. f3 Ref8 29. Ke2 Rf6 30. Nf5 Bc8 31. Bh3 Ng6 32. Rxg5 Nf4+ 33. Ke3 Rxg5 34. Kxf4 Rh5 35. Kg3 Bxf5 36. Bxf5 Rfxh6 37. f4 Rh1 38. Rd3 Rg1+ 39. Kf2 Ra1 40. Rg3 Rxa2+ 41. Kf3 Rb2 42. Rg7+ Kb8 43. Rg8+ Kc7 44. Rg7+ Kb8 45. Rg8+ Kb7 46. Rg7+ Kb8 47. Rg8+ 1/2-1/2

[Event "WchT Blitz Pool C"]
[Site "London"]
[Date "2025.06.14"]
[Round "12.3"]
[White "Yakubboev, Nodirbek"]
[Black "Svane, Frederik"]
[Result "0-1"]
[WhiteElo "2659"]
[BlackElo "2667"]
[PlyCount "74"]
[EventDate "2025.06.14"]
[EventType "team-tourn"]
[EventRounds "13"]
[EventCountry "ENG"]
[SourceTitle "CB25_2025"]
[SourceDate "2025.06.18"]
[SourceVersion "1"]
[SourceVersionDate "2025.06.18"]
[SourceQuality "1"]
[WhiteTeam "Uzbekistan"]
[BlackTeam "Germany and Friends"]
[WhiteTeamCountry "UZB"]
[BlackTeamCountry "GER"]

1. d4 e6 2. Nf3 d5 3. c4 Nf6 4. g3 Bb4+ 5. Bd2 Bd6 6. Bg2 0-0 7. Qc2 c6 8. 0-0 Nbd7 9. b3 Ne4 10. Bc1 f5 11. Ba3 Bxa3 12. Nxa3 a5 13. Qb2 Qe7 14. Nc2 b5 15. cxb5 cxb5 16. b4 Nb6 17. bxa5 Rxa5 18. Ne5 Nc4 19. Nxc4 bxc4 20. Bxe4 fxe4 21. f3 exf3 22. Rxf3 Rxf3 23. exf3 Bd7 24. Qb8+ Qe8 25. Qb4 Rb5 26. Qc3 Qb8 27. Ne3 Rb1+ 28. Nf1 Rxa1 29. Qxa1 Qb4 30. a3 Qb3 31. Kf2 c3 32. Ke1 Bb5 33. Ne3 c2 34. Qc1 Qc3+ 35. Kf2 Ba4 36. Ke2 Qxd4 37. Qd2 Bb5+ 0-1

[Event "WchT Rapid"]
[Site "London"]
[Date "2025.06.13"]
[Round "11.3"]
[White "Cuenca Jimenez, Jose Fernando"]
[Black "Yakubboev, Nodirbek"]
[Result "1/2-1/2"]
[WhiteElo "2459"]
[BlackElo "2547"]
[PlyCount "119"]
[EventDate "2025.06.11"]
[EventType "team-swiss"]
[EventRounds "12"]
[EventCountry "ENG"]
[SourceTitle "CB25_2025"]
[SourceDate "2025.06.18"]
[SourceVersion "1"]
[SourceVersionDate "2025.06.18"]
[SourceQuality "1"]
[WhiteTeam "Duobeniajan Costa Calida"]
[BlackTeam "Uzbekistan"]
[WhiteTeamCountry "ESP"]
[BlackTeamCountry "UZB"]

1. d4 Nf6 2. c4 e6 3. Nc3 Bb4 4. Qc2 d5 5. cxd5 exd5 6. Bf4 0-0 7. e3 c5 8. dxc5 Nc6 9. Nf3 d4 10. 0-0-0 Bxc5 11. exd4 Bd6 12. Bxd6 Qxd6 13. a3 Be6 14. Kb1 Na5 15. d5 Nxd5 16. Nxd5 Bxd5 17. Bd3 g6 18. Be4 Bxe4 19. Rxd6 Bxc2+ 20. Kxc2 Rfd8 21. Rxd8+ Rxd8 22. Rd1 Rc8+ 23. Kb1 Rc7 24. Ne5 f6 25. Rd7 Rxd7 26. Nxd7 Kf7 27. Nc5 b6 28. Ne4 Ke6 29. Kc2 Nc4 30. Kc3 Ne5 31. f3 h6 32. Kd4 Nc6+ 33. Kc4 a6 34. b4 g5 35. Nc3 Ne5+ 36. Kd4 Nc6+ 37. Kc4 Ne7 38. a4 Ke5 39. g3 h5 40. Nd1 Nf5 41. Kd3 h4 42. Ne3 hxg3 43. Nc4+ Kf4 44. hxg3+ Kxg3 45. Ke4 b5 46. Kxf5 bxc4 47. Ke4 f5+ 48. Kd4 f4 49. b5 axb5 50. axb5 g4 51. fxg4 f3 52. b6 f2 53. b7 f1Q 54. b8Q+ Kh3 55. Qh8+ Kg2 56. Qa8+ Kg3 57. Qe4 Qd1+ 58. Kc3 Qxg4 59. Qxg4+ Kxg4 60. Kxc4 1/2-1/2

[Event "WchT Rapid"]
[Site "London"]
[Date "2025.06.13"]
[Round "9.3"]
[White "Svane, Frederik"]
[Black "Yakubboev, Nodirbek"]
[Result "1-0"]
[WhiteElo "2476"]
[BlackElo "2547"]
[PlyCount "81"]
[EventDate "2025.06.11"]
[EventType "team-swiss"]
[EventRounds "12"]
[EventCountry "ENG"]
[SourceTitle "CB25_2025"]
[SourceDate "2025.06.18"]
[SourceVersion "1"]
[SourceVersionDate "2025.06.18"]
[SourceQuality "1"]
[WhiteTeam "Germany and Friends"]
[BlackTeam "Uzbekistan"]
[WhiteTeamCountry "GER"]
[BlackTeamCountry "UZB"]

1. e4 e5 2. Nf3 Nc6 3. Bb5 a6 4. Ba4 Nf6 5. Nc3 d6 6. Bxc6+ bxc6 7. d4 Nd7 8. Be3 a5 9. 0-0 Ba6 10. Re1 Be7 11. Qd2 f6 12. b3 0-0 13. Rad1 Qe8 14. Nh4 g6 15. Nf3 Nb6 16. a4 Rf7 17. h3 Bf8 18. Ne2 c5 19. dxc5 dxc5 20. c4 Rd7 21. Qc2 Bc8 22. Nc3 c6 23. Ne2 Rb7 24. Nh2 Be6 25. f4 exf4 26. Nxf4 Nd7 27. Nf3 Bf7 28. Nd3 Rab8 29. Bf4 Rxb3 30. Bxb8 Qxb8 31. e5 fxe5 32. Nfxe5 Nxe5 33. Nxe5 Rb2 34. Qe4 Bg7 35. Nxf7 Bd4+ 36. Rxd4 cxd4 37. Nh6+ Kg7 38. Ng4 Qd6 39. c5 Qxc5 40. Qf4 d3+ 41. Kh2 1-0

[Event "WchT Rapid"]
[Site "London"]
[Date "2025.06.12"]
[Round "8.3"]
[White "Shabalov, Alexander"]
[Black "Yakubboev, Nodirbek"]
[Result "0-1"]
[WhiteElo "2526"]
[BlackElo "2547"]
[PlyCount "68"]
[EventDate "2025.06.11"]
[EventType "team-swiss"]
[EventRounds "12"]
[EventCountry "ENG"]
[SourceTitle "CB25_2025"]
[SourceDate "2025.06.18"]
[SourceVersion "1"]
[SourceVersionDate "2025.06.18"]
[SourceQuality "1"]
[WhiteTeam "Global Ramblers"]
[BlackTeam "Uzbekistan"]
[WhiteTeamCountry "UKR"]
[BlackTeamCountry "UZB"]

1. e4 c5 2. Nf3 d6 3. d4 cxd4 4. Nxd4 Nf6 5. Nc3 a6 6. f4 e5 7. Nf3 Nbd7 8. a4 Qc7 9. a5 Nc5 10. Nd5 Nxd5 11. exd5 Bg4 12. h3 Bd7 13. Be2 Be7 14. 0-0 0-0 15. Ra3 b5 16. Qe1 e4 17. Nd4 Qb7 18. c4 Bf6 19. Nb3 Nd3 20. Bxd3 exd3 21. Nd2 Bd4+ 22. Kh2 bxc4 23. Qe4 Bc5 24. Rc3 Rfe8 25. Qxc4 Bb5 26. Qb3 Rab8 27. Nc4 Qxd5 28. Rf3 Re2 29. Nd2 Qd4 30. Rf1 Rbe8 31. Nf3 Qe4 32. Rxc5 dxc5 33. Bd2 c4 34. Qc3 Bc6 0-1

[Event "WchT Rapid"]
[Site "London"]
[Date "2025.06.12"]
[Round "6.3"]
[White "Yakubboev, Nodirbek"]
[Black "Steinberg, Nitzan"]
[Result "1-0"]
[WhiteElo "2547"]
[BlackElo "2516"]
[PlyCount "125"]
[EventDate "2025.06.11"]
[EventType "team-swiss"]
[EventRounds "12"]
[EventCountry "ENG"]
[SourceTitle "CB25_2025"]
[SourceDate "2025.06.18"]
[SourceVersion "1"]
[SourceVersionDate "2025.06.18"]
[SourceQuality "1"]
[WhiteTeam "Uzbekistan"]
[BlackTeam "Rishon LeZion"]
[WhiteTeamCountry "UZB"]
[BlackTeamCountry "ISR"]

1. d4 Nf6 2. c4 e6 3. Nf3 Bb4+ 4. Nbd2 0-0 5. a3 Be7 6. e4 d6 7. Be2 Nfd7 8. Nb1 e5 9. Nc3 a5 10. Be3 Re8 11. d5 Nf6 12. Nd2 h6 13. 0-0 Nh7 14. b4 Nd7 15. Nb3 b6 16. f3 h5 17. Qc2 h4 18. c5 dxc5 19. bxa5 Bg5 20. Bf2 Nhf6 21. Bb5 Nh5 22. Ne2 Qf6 23. h3 Rd8 24. a4 Nf8 25. axb6 cxb6 26. a5 Ng6 27. axb6 Rb8 28. Nxc5 Rxb6 29. Bc6 Rb8 30. Rfb1 Rxb1+ 31. Rxb1 Ngf4 32. Nxf4 Bxf4 33. Nd3 Qg5 34. Kf1 Ng3+ 35. Ke1 Be3 36. Rb8 Nh1 37. Bxe3 Qxe3+ 38. Qe2 Qg1+ 39. Kd2 Ng3 40. Qf2 Qa1 41. Qb6 Rf8 42. Ra8 Qh1 43. Qf2 Qb1 44. Kc3 f5 45. Qa2 Qb6 46. Qa7 Qb1 47. d6 fxe4 48. Bxe4 Ne2+ 49. Kd2 Nd4 50. Qa2+ Qxa2+ 51. Rxa2 Be6 52. Rb2 Nb3+ 53. Ke3 Rd8 54. Nxe5 Rxd6 55. Kf4 Rd8 56. Nc6 Rf8+ 57. Ke5 Nc5 58. Bg6 Bf7 59. Ne7+ Kh8 60. Rb4 Bxg6 61. Rxh4+ Bh7 62. Ng6+ Kg8 63. Nxf8 1-0

[Event "WchT Rapid"]
[Site "London"]
[Date "2025.06.11"]
[Round "3.3"]
[White "Dardha, Daniel"]
[Black "Yakubboev, Nodirbek"]
[Result "1-0"]
[WhiteElo "2582"]
[BlackElo "2547"]
[PlyCount "75"]
[EventDate "2025.06.11"]
[EventType "team-swiss"]
[EventRounds "12"]
[EventCountry "ENG"]
[SourceTitle "CB25_2025"]
[SourceDate "2025.06.18"]
[SourceVersion "1"]
[SourceVersionDate "2025.06.18"]
[SourceQuality "1"]
[WhiteTeam "Knight Dance"]
[BlackTeam "Uzbekistan"]
[WhiteTeamCountry "FRA"]
[BlackTeamCountry "UZB"]

1. Nf3 d5 2. b3 c5 3. e3 e6 4. Bb2 Nc6 5. Bb5 Nge7 6. 0-0 a6 7. Be2 d4 8. a4 Ng6 9. Na3 Be7 10. exd4 cxd4 11. Re1 e5 12. Bf1 f5 13. b4 e4 14. b5 axb5 15. axb5 Nb8 16. Nxd4 Bxa3 17. c3 0-0 18. Bxa3 Re8 19. d3 Qf6 20. dxe4 fxe4 21. Bc4+ Kh8 22. Bd5 e3 23. Rxe3 Rxe3 24. fxe3 Nd7 25. Bb2 Rxa1 26. Bxa1 Nde5 27. c4 Ng4 28. Nf3 Qe7 29. e4 Nf4 30. Qd2 Qa3 31. Bb2 Qb3 32. h3 Nxd5 33. exd5 Ne3 34. Qd4 Nf5 35. Qc5 Qe3+ 36. Qxe3 Nxe3 37. Ne5 Kg8 38. d6 1-0

[Event "WchT Rapid"]
[Site "London"]
[Date "2025.06.11"]
[Round "4.3"]
[White "Yakubboev, Nodirbek"]
[Black "Anton Guijarro, David"]
[Result "1/2-1/2"]
[WhiteElo "2547"]
[BlackElo "2625"]
[PlyCount "132"]
[EventDate "2025.06.11"]
[EventType "team-swiss"]
[EventRounds "12"]
[EventCountry "ENG"]
[SourceTitle "CB25_2025"]
[SourceDate "2025.06.18"]
[SourceVersion "1"]
[SourceVersionDate "2025.06.18"]
[SourceQuality "1"]
[WhiteTeam "Uzbekistan"]
[BlackTeam "Team MGD1"]
[WhiteTeamCountry "UZB"]
[BlackTeamCountry "IND"]

1. d4 d5 2. Nf3 e6 3. Bf4 Bd6 4. e3 Nf6 5. Nbd2 0-0 6. Bd3 Bxf4 7. exf4 b6 8. Qe2 c5 9. c3 a5 10. Ne5 Ba6 11. Bxa6 Nxa6 12. 0-0 Qc7 13. Ndf3 Nb8 14. Qd3 Nc6 15. f5 Nxe5 16. Nxe5 exf5 17. Qxf5 cxd4 18. cxd4 Rac8 19. f3 Qc2 20. Qxc2 Rxc2 21. Rf2 Rfc8 22. Re1 h5 23. Rfe2 g5 24. Kf2 Kg7 25. Kg3 h4+ 26. Kf2 Nh5 27. g3 Rxe2+ 28. Rxe2 Rc1 29. Kg2 Rd1 30. Nc6 Kf6 31. a4 Ng7 32. b4 Ne6 33. bxa5 bxa5 34. Ra2 Nxd4 35. Nxa5 Rb1 36. Kf2 Ke5 37. Ke3 Nf5+ 38. Kd3 Kd6 39. Rc2 Ne7 40. gxh4 gxh4 41. Kc3 Rf1 42. Kb4 Rb1+ 43. Nb3 Nc6+ 44. Ka3 Rf1 45. Rc3 d4 46. Rd3 Kd5 47. a5 Re1 48. Rd2 Re3 49. Ka4 Kc4 50. Rc2+ Rc3 51. Rb2 d3 52. a6 Rc2 53. Rxc2+ dxc2 54. Nc1 h3 55. f4 f5 56. Ne2 Kd3 57. Nc1+ Kc4 58. Ne2 Kd3 59. Nc1+ Kc3 60. Kb5 Nd4+ 61. Kb6 Nb3 62. Na2+ Kb2 63. Nb4 Nc5 64. Nxc2 Nxa6 65. Ne3 Nb4 66. Nxf5 Nd5+ 1/2-1/2

[Event "WchT Rapid"]
[Site "London"]
[Date "2025.06.11"]
[Round "2.3"]
[White "Yakubboev, Nodirbek"]
[Black "Seemann, Jakub"]
[Result "1-0"]
[WhiteElo "2547"]
[BlackElo "2392"]
[PlyCount "112"]
[EventDate "2025.06.11"]
[EventType "team-swiss"]
[EventRounds "12"]
[EventCountry "ENG"]
[SourceTitle "CB25_2025"]
[SourceDate "2025.06.18"]
[SourceVersion "1"]
[SourceVersionDate "2025.06.18"]
[SourceQuality "1"]
[WhiteTeam "Uzbekistan"]
[BlackTeam "Katowice Hetman"]
[WhiteTeamCountry "UZB"]
[BlackTeamCountry "POL"]

1. d4 Nf6 2. Nf3 d5 3. a3 e6 4. Bf4 c5 5. e3 Nc6 6. h3 cxd4 7. exd4 Bd6 8. Bxd6 Qxd6 9. Nc3 0-0 10. Bd3 e5 11. Nb5 Qe7 12. dxe5 Nxe5 13. 0-0 Bd7 14. Nbd4 Rfe8 15. Re1 Nxf3+ 16. Nxf3 Qd6 17. Qd2 Rxe1+ 18. Rxe1 Re8 19. Rd1 Qb6 20. Qb4 Qc7 21. Nd4 b6 22. Re1 Qc5 23. Rxe8+ Bxe8 24. Qd2 Qe7 25. Nf5 Qe6 26. Qf4 g6 27. Ne3 Qe7 28. Qd4 Bc6 29. Be2 Qe6 30. Bf3 h5 31. c3 Kf8 32. Qf4 Nd7 33. Qc7 Ne5 34. Be2 Qe7 35. Qb8+ Kg7 36. Bxh5 Nc4 37. Qg3 Qe4 38. Bf3 Qb1+ 39. Kh2 Nxe3 40. Qe5+ Kg8 41. fxe3 Qxb2 42. Qb8+ Kg7 43. Qxa7 Qb3 44. Qc7 Qa4 45. Qxb6 Kg8 46. Qb8+ Kh7 47. Qb4 Qa7 48. Qf4 Kg8 49. c4 Qxa3 50. Bxd5 Be8 51. Qb8 Qa4 52. c5 Kh7 53. Qc7 Kg8 54. c6 Qb4 55. Qd8 Kg7 56. c7 Qc3 1-0

[Event "Jermuk Avagyan Memorial"]
[Site "Jermuk"]
[Date "2025.06.01"]
[Round "4"]
[White "Praggnanandhaa, Rameshbabu"]
[Black "Yakubboev, Nodirbek"]
[Result "1-0"]
[WhiteElo "2758"]
[BlackElo "2665"]
[PlyCount "153"]
[EventDate "2025.05.29"]
[EventType "tourn"]
[EventRounds "9"]
[EventCountry "ARM"]
[EventCategory "17"]
[SourceTitle "CB24_2025"]
[SourceDate "2025.06.11"]
[SourceVersion "1"]
[SourceVersionDate "2025.06.11"]
[SourceQuality "1"]

1. d4 Nf6 2. Nf3 d5 3. e3 e6 4. Bd3 Bd6 5. Nc3 c5 6. dxc5 Bxc5 7. 0-0 Bb4 8. Bd2 Nc6 9. a3 Bd6 10. e4 d4 11. Ne2 Bc7 12. c3 dxc3 13. Bxc3 a6 14. Ned4 Bd7 15. Qe2 Qb8 16. Kh1 Nxd4 17. Nxd4 0-0 18. Rae1 Re8 19. e5 Nd5 20. Qe4 g6 21. Bd2 Qd8 22. Qg4 Qe7 23. Bg5 Qf8 24. Bc4 Bc6 25. Bb3 Bd8 26. Rc1 Bxg5 27. Qxg5 h6 28. Qg3 Rec8 29. h4 Qg7 30. Bxd5 Bxd5 31. Nc2 g5 32. h5 f5 33. exf6 Qxf6 34. Ne3 Qxb2 35. Rxc8+ Rxc8 36. Nxd5 exd5 37. Qd6 Rc1 38. Qg6+ Kf8 39. Qxh6+ Kf7 40. Qg6+ Kf8 41. Qf5+ Ke8 42. Qe6+ Kf8 43. Qf5+ Ke8 44. Kg1 Qa1 45. Qe6+ Kf8 46. Qf5+ Ke8 47. Qg6+ Kf8 48. Rxc1 Qxc1+ 49. Kh2 Qf4+ 50. g3 Qxf2+ 51. Kh3 b5 52. h6 Qf7 53. Qxg5 Qf1+ 54. Kh4 Qh1+ 55. Kg4 Qe4+ 56. Kh5 Qh1+ 57. Kg6 Qe4+ 58. Qf5+ Kg8 59. g4 Qe8+ 60. Kg5 Qe7+ 61. Qf6 Qe3+ 62. Kh4 Qe1+ 63. Kh5 Qh1+ 64. Kg5 Qc1+ 65. Kg6 Qc2+ 66. Qf5 Qc6+ 67. Kh5 Qc7 68. Qxd5+ Qf7+ 69. Qxf7+ Kxf7 70. Kg5 a5 71. Kf5 b4 72. axb4 a4 73. g5 a3 74. g6+ Kg8 75. Kf6 a2 76. h7+ Kh8 77. g7+ 1-0

[Event "Jermuk Avagyan Memorial"]
[Site "Jermuk"]
[Date "2025.05.31"]
[Round "3"]
[White "Yakubboev, Nodirbek"]
[Black "Hakobyan, Aram"]
[Result "0-1"]
[WhiteElo "2665"]
[BlackElo "2620"]
[PlyCount "90"]
[EventDate "2025.05.29"]
[EventType "tourn"]
[EventRounds "9"]
[EventCountry "ARM"]
[EventCategory "17"]
[SourceTitle "CB24_2025"]
[SourceDate "2025.06.11"]
[SourceVersion "1"]
[SourceVersionDate "2025.06.11"]
[SourceQuality "1"]

1. d4 d5 2. Nf3 Nf6 3. a3 e6 4. Bf4 c5 5. e3 Nc6 6. h3 a6 7. dxc5 Bxc5 8. Nbd2 0-0 9. b4 Be7 10. Bd3 Nd7 11. c4 Bf6 12. Rc1 e5 13. Bh2 e4 14. cxd5 exf3 15. dxc6 fxg2 16. Rg1 bxc6 17. Rxg2 g6 18. Nc4 Re8 19. Bf5 Nc5 20. Nd6 Bxf5 21. Rxc5 Bxh3 22. Rg3 Be6 23. Nxe8 Qxe8 24. e4 Be7 25. Rcc3 a5 26. bxa5 Rxa5 27. Kf1 Bf6 28. Rgd3 Rh5 29. Kg1 Kg7 30. Rc2 Rg5+ 31. Bg3 h5 32. Kh2 h4 33. Bd6 Bg4 34. Qe1 Qe6 35. f4 Rb5 36. e5 Kg8 37. Rdc3 Bf5 38. Re2 Bd8 39. Qh1 Rb1 40. Qxc6 Bb6 41. Rg2 h3 42. Rd2 Bg1+ 43. Kg3 h2 44. Qa8+ Kh7 45. Bb4 Bh3 0-1

[Event "Jermuk Avagyan Memorial"]
[Site "Jermuk"]
[Date "2025.05.29"]
[Round "1"]
[White "Yakubboev, Nodirbek"]
[Black "Kollars, Dmitrij"]
[Result "1/2-1/2"]
[WhiteElo "2665"]
[BlackElo "2625"]
[PlyCount "67"]
[EventDate "2025.05.29"]
[EventType "tourn"]
[EventRounds "9"]
[EventCountry "ARM"]
[EventCategory "17"]
[SourceTitle "CB24_2025"]
[SourceDate "2025.06.11"]
[SourceVersion "1"]
[SourceVersionDate "2025.06.11"]
[SourceQuality "1"]

1. d4 Nf6 2. c4 e6 3. Nf3 b6 4. g3 Bb4+ 5. Bd2 Bxd2+ 6. Qxd2 Ba6 7. b3 0-0 8. Bg2 d5 9. Nc3 c6 10. Ne5 Nfd7 11. 0-0 Nxe5 12. dxe5 Nd7 13. f4 Qe7 14. Rfd1 Rad8 15. Rac1 dxc4 16. Qd6 Qxd6 17. Rxd6 Nb8 18. b4 Rxd6 19. exd6 Rd8 20. Rd1 f6 21. a4 Bc8 22. b5 Bd7 23. Rd4 cxb5 24. axb5 Rc8 25. Rd2 Rd8 26. Ra2 Be8 27. Rxa7 Rxd6 28. Rc7 Nd7 29. Bc6 Kf8 30. Kf2 Ke7 31. Na4 Kd8 32. Ra7 f5 33. Ra8+ Ke7 34. Ra7 1/2-1/2

[Event "Asia-ch"]
[Site "Al Ain"]
[Date "2025.05.13"]
[Round "7"]
[White "Dai, Changren"]
[Black "Yakubboev, Nodirbek"]
[Result "1/2-1/2"]
[WhiteElo "2531"]
[BlackElo "2665"]
[PlyCount "72"]
[EventDate "2025.05.07"]
[EventType "swiss"]
[EventRounds "9"]
[EventCountry "UAE"]
[SourceTitle "CB21_2025"]
[SourceDate "2025.05.21"]
[SourceVersion "1"]
[SourceVersionDate "2025.05.21"]
[SourceQuality "1"]

1. d4 Nf6 2. c4 e6 3. Nf3 d5 4. Nc3 Bb4 5. cxd5 exd5 6. Bg5 h6 7. Bh4 Bf5 8. Qa4+ Nc6 9. e3 g5 10. Bg3 0-0 11. Bb5 Bxc3+ 12. bxc3 Ne7 13. Qb3 c6 14. Be2 b5 15. Nd2 Ng6 16. a4 a6 17. Qd1 Qe7 18. 0-0 g4 19. Qc1 Nh5 20. Nb3 Nxg3 21. fxg3 Qg5 22. Nc5 h5 23. Rf2 Kg7 24. Qd2 Rae8 25. Raf1 Bc8 26. Rf6 Qxe3+ 27. Qxe3 Rxe3 28. Bd3 Ne7 29. a5 Re6 30. Nxe6+ Bxe6 31. Be2 c5 32. h3 c4 33. hxg4 hxg4 34. Bd1 Re8 35. R6f4 Rb8 36. Rf6 Ng8 1/2-1/2